|
|
|
|
| LEADER |
00000nam a2200000 a 4500 |
| 001 |
vtls008863431 |
| 003 |
SK-MaSNL |
| 005 |
20260301220322.0 |
| 008 |
031216s1588 gw 1 0 lat |
| 015 |
|
|
|a SNBHFA
|
| 035 |
|
|
|a cpl000124202
|
| 040 |
|
|
|a SNKHF
|b slo
|c SNKHF
|e rda
|
| 041 |
0 |
|
|a lat
|
| 044 |
|
|
|a gw
|c DE
|
| 072 |
|
7 |
|a 2
|x Náboženstvo
|2 konspekt
|
| 080 |
|
|
|a 21/29-1/-9
|2 2011
|
| 080 |
|
|
|a 2-1
|2 2011
|
| 080 |
|
|
|a 93/94
|2 2011
|
| 100 |
1 |
|
|a Pezel, Christoph,
|d 1539-1604
|4 aut
|4 dto
|9 54783
|
| 245 |
1 |
0 |
|a Argvmentorvm Et Responsionvm Theologicarvm. Contexta ex scriptis Reuerendae memoriae D. Philippi Melanchtonis. Additis explicationibus singularum responsionum: studio et opera
|n Pars Vltima
|c Christophori Pezelii Sacrae Theologiae Doctoris
|
| 264 |
|
3 |
|a Neostadii
|b Apud Matthaeum Harnisch
|c 1588
|
| 300 |
|
|
|a 62 nečíslovaných strán, 1105 strán
|c 8°
|c 17 x 12 cm
|
| 336 |
|
|
|a text
|b txt
|2 rdacontent
|
| 337 |
|
|
|a bez média
|b n
|2 rdamedia
|
| 338 |
|
|
|a zväzok
|b nc
|2 rdacarrier
|
| 500 |
|
|
|a Signet, vinety, linky, iniciálky s ornamentálnym pozadím na 5 riadkov, kustódy
|
| 504 |
|
|
|a Marginálie
|
| 510 |
4 |
|
|a Adams P /944
|
| 563 |
|
|
|a Väzba: renesančná, bledá koža, stopy po stuhách.
|5 SNK ID 81612/8
|
| 650 |
0 |
7 |
|a teológia
|2 SNKPH
|9 1814
|
| 650 |
0 |
7 |
|a náboženstvo
|2 SNKPH
|9 2023
|
| 650 |
0 |
7 |
|a dejiny
|2 SNKPH
|9 3825
|
| 700 |
1 |
|
|a Melanchthon, Philipp,
|d 1497-1560
|4 aut
|9 42142
|
| 700 |
1 |
|
|a Harnisch, Matthaeus,
|d asi 1535-1596
|4 prt
|9 128132
|
| 700 |
0 |
|
|a Friderik
|b II.,
|c kráľ dánsky a nórsky,
|d 1559-1588
|4 hnr
|9 436185
|
| 710 |
0 |
|
|a Harnisch, Matthaeus (Neustadt an der Weinstraße, Nemecko),
|d 1579-1596
|4 prt
|9 174273
|
| 752 |
|
|
|a Nemecko
|d Neustadt an der Weinstraße
|
| 852 |
|
|
|a snk
|p ID 81612/8
|
| 958 |
|
|
|a DA
|
| 958 |
|
|
|a ONDV
|
| 999 |
|
|
|c 931355
|d 933285
|
| 952 |
|
|
|t Tlače 16. storočia
|a SNK
|b SNK
|c SNK_HF
|y PREZ
|7 0
|p 17A1359236
|o snkID 81612/8
|i snkF 4453/84
|0 0
|1 0
|4 0
|d 2021-10-28
|f 1
|l 0
|r 2026-02-24 08:48:40
|w 2026-02-24
|